000 00863nam0a22002771 4500
001 RU\INFOCOMM_322\NLR\5000166385
005 20250613110342.0
035 _a(NLR Aleph) 009558334
090 _a9052420
_c9052420
100 _a20130210d1958 |||y0rusy50 ca
101 0 _aeng
102 _aRU
105 _ay z |||||
200 1 _aˆThe ‰ЛП-5/500-I sinking winch
_eInstructions on maintenance and operation
_fV/o Machinoexport
210 _aM.
_d[1958]
215 _a24 с., 1 л. ил.
_cил.
_d22 см
517 1 _aˆThe ‰LP-5/500-I sinking winch
606 0 _aПроходческие лебедки ЛП-5(500-)
_2nlr_sh1
620 _aМосква
686 _aТ9-290
_2rubbk
712 0 2 _a"Machinoexport", v/o
_4570
801 1 _aRU
_bInfocomm
_c20130210
801 0 _aRU
_bINFOCOMM
_gPSBO
852 _aNLR
_jТ27 Г-6/43
942 _cBOOK
980 _aNB